| 000 | 00363nam a22001577a 4500 | ||
|---|---|---|---|
| 003 | SGT | ||
| 020 | _a978-1-259-01111-5 | ||
| 082 | _a615.7, A12S | ||
| 100 | _aSHARGEL, LEON | ||
| 245 | _aAPPLED BIOPHARMACEUTICS & PHARMACOKINETICS | ||
| 250 | _a6TH | ||
| 260 |
_aNEW YORK _bMC- GRAW HILL _c2012 |
||
| 300 | _a811 | ||
| 650 | _aBIOPHARMACEUTICS | ||
| 942 |
_2ddc _cBK |
||
| 999 |
_c8162 _d8162 |
||